00915cam a2200217 a 450000100100000000500170001000800410002704000250006808200180009310000260011124000560013724500850019326000410027830000280031950000440034765000160039170000330040795201210044095201210056199900150068200000423720241204113952.0791005s1970 mx a 001 0 spa  aDO-SdBNPbspacBNPHU a796.35bA733c1 aArmour, Tommy.91252510aHow to play your best golf all the time.lEspañol10aCómo jugar siempre mejor golf /cTommy Armour; traducción de Armando Montes. aMéxico :bEditorial Diana ,c1970. a151 p. :bil. ;c23 cm. aIncluye glosario y notas sobre el autor 0aGolf9125261 aMontes, Armando,etr.912527 001052708MOaGRbGRcCTd2009-07-20iLF1l0o796.35 A733cp4237-10r2020-06-25w2020-06-25y2ZPréstamo interno 001052708MOaPDbPDcHDd2017-06-05iLF1l0o796.35 A733cp4237-20r2020-06-25w2020-06-25y2ZPréstamo interno c4051d4051